<?xml version="1.0" encoding="UTF-8"?><?xml-stylesheet type="text/xsl" href="static/style.xsl"?><OAI-PMH xmlns="http://www.openarchives.org/OAI/2.0/" xmlns:xsi="http://www.w3.org/2001/XMLSchema-instance" xsi:schemaLocation="http://www.openarchives.org/OAI/2.0/ http://www.openarchives.org/OAI/2.0/OAI-PMH.xsd"><responseDate>2026-04-14T17:44:53Z</responseDate><request verb="GetRecord" identifier="oai:uvadoc.uva.es:10324/2879" metadataPrefix="marc">https://uvadoc.uva.es/oai/request</request><GetRecord><record><header><identifier>oai:uvadoc.uva.es:10324/2879</identifier><datestamp>2025-02-13T10:58:30Z</datestamp><setSpec>com_10324_30605</setSpec><setSpec>com_10324_894</setSpec><setSpec>col_10324_41</setSpec></header><metadata><record xmlns="http://www.loc.gov/MARC21/slim" xmlns:doc="http://www.lyncode.com/xoai" xmlns:xsi="http://www.w3.org/2001/XMLSchema-instance" xmlns:dcterms="http://purl.org/dc/terms/" xsi:schemaLocation="http://www.loc.gov/MARC21/slim http://www.loc.gov/standards/marcxml/schema/MARC21slim.xsd">
<leader>00925njm 22002777a 4500</leader>
<datafield tag="042" ind1=" " ind2=" ">
<subfield code="a">dc</subfield>
</datafield>
<datafield tag="720" ind1=" " ind2=" ">
<subfield code="a">Peñailillo Fuentes, María Isabel</subfield>
<subfield code="e">author</subfield>
</datafield>
<datafield tag="260" ind1=" " ind2=" ">
<subfield code="c">2013</subfield>
</datafield>
<datafield tag="520" ind1=" " ind2=" ">
<subfield code="a">En este trabajo de carácter sociolingüístico,  se  investiga el uso del superlativo en hablantes de la Región de Valparaíso, Chile. Se   determina la frecuencia de este uso, se identifican los diferentes tipos de cuantificadores usados para la construcción superlativa analítica, así como la utilización  de otras estructuras léxicas y gramaticales para este fin; se trata  la incidencia que tienen, en este uso, las variables sociolingüísticas de  sexo,  edad,  y nivel educacional. Se incluye también el tratamiento de algunos valores de tipo pragmático presentes en el discurso de estos hablantes, como el énfasis de la expresión y la posición del adjetivo superlativo en relación con el sustantivo , y del adverbio  respecto del verbo.&#xd;
El corpus de la investigación corresponde a entrevistas  de 14 hombres y 14 mujeres,cuyas edades median entre 21 y 69 años, que viven en diferentes comunas de la región de Valparaíso. &#xd;
Para realizar el análisis cuantitativo de la investigación, se consideraron las siguientes formas de expresión del superlativo: adjetivos superlativos(adyacente del sustantivo, atributo de los verbos “ser” y estar, y  complemento predicativo); adverbios superlativos;  léxico con valor superlativo (sustantivos, adjetivos, adverbios, frases adjetivas y adverbiales); y recursos estilísticos con valor superlativo (metáforas, reiteraciones, hipérboles y comparaciones).</subfield>
</datafield>
<datafield tag="024" ind2=" " ind1="8">
<subfield code="a">http://uvadoc.uva.es/handle/10324/2879</subfield>
</datafield>
<datafield tag="024" ind2=" " ind1="8">
<subfield code="a">b1655816</subfield>
</datafield>
<datafield tag="024" ind2=" " ind1="8">
<subfield code="a">10.35376/10324/2879</subfield>
</datafield>
<datafield ind1=" " ind2=" " tag="653">
<subfield code="a">Español (lengua)-Gramática</subfield>
</datafield>
<datafield ind1=" " ind2=" " tag="653">
<subfield code="a">Sociolingüística-Chile-Valparaíso</subfield>
</datafield>
<datafield tag="245" ind1="0" ind2="0">
<subfield code="a">Estudio sociolingúístico sobre el uso del superlativo en hablantes de la Región de Valparaíso, Chile</subfield>
</datafield>
</record></metadata></record></GetRecord></OAI-PMH>